000 00679nam a2200241Ia 4500
003 OSt
005 20220924114716.0
006 a|||||r|||| 00| 0
007 ta
008 220923b |||||||| |||| 00| 0 ara d
024 _a336170
037 _cTextual
040 _aARTS
_cARTS
_bara
041 _2ara
_aara
082 _aO28,1x73,N5, K2
100 _aHasan Muhammad Abdul Ghani Au.
_9174913
245 0 _aAl-sher-al-Arabi fi-al-mahjar
260 _aCairo
_bAl-khanji Egypt
_c1962
300 _a382p.
_ccm.
650 _aARABIC POETRY
942 _hO28,1x73,N5, K2
_cTEXL
_2CC
999 _c394892
_d394892